[Event "82nd Tata Steel Qualifier"]
[Site "Wijk aan Zee NED"]
[Date "2020.01.25"]
[Round "8.5"]
[White "Beukema, Stefan"]
[Black "Akash, G"]
[Result "1-0"]
[WhiteTitle "IM"]
[BlackTitle "IM"]
[WhiteElo "2389"]
[BlackElo "2461"]
[WhiteFideId "1024523"]
[BlackFideId "5040299"]
[EventDate "2020.01.17"]

1. e4 e5 2. Nf3 Nc6 3. Bb5 a6 4. Ba4 Nf6 5. O-O Be7 6. d3 d6 7. c4 O-O 8. h3 Nd7
9. Nc3 Nc5 10. Bxc6 bxc6 11. d4 exd4 12. Nxd4 Bd7 13. Re1 Bf6 14. Bf4 Re8 15.
Bg3 Qb8 16. b3 Qb6 17. Rc1 a5 18. Qd2 a4 19. Rcd1 axb3 20. axb3 Be5 21. Re3 Rab8
22. Bxe5 dxe5 23. Nc2 Qxb3 24. Rg3 Qxc4 25. Ne3 Qb4 26. Ned5 cxd5 27. Qh6 Ne6
28. Nxd5 Qa4 29. Nf6+ Kf8 30. Rxd7 Qxd7 31. Nxd7+ Ke7 32. Rxg7 Rb1+ 33. Kh2 Nxg7
34. Nf6 Rb6 35. Nd5+ Kf8 36. Qxh7 f6 37. Nxc7 Rb2 38. Nxe8 Nxe8 39. f3 Rc2 40.
h4 Rc7 41. Qh8+ Kf7 42. h5 Re7 43. h6 Kg6 44. Qf8 1-0